Countries That Start with I (with a map) - Statistics

General Stats
  • This quiz has been taken 1,696 times
  • The average score is 7 of 8
Answers on the Map
Answers color-coded by a green-red scale on the quiz's map according to % correct below.
 
Answer Stats
Hint Hint Country % Correct
556 185.9 India
94%
635.5 264 Indonesia
92%
341 43 Iceland
88%
501.3 152.5 Iran
87%
478.8 149.9 Iraq
87%
363.0 82.5 Ireland
87%
416.4 124.2 Italy
84%
459.0 157.0 Israel
74%
No matching quizzes found
Score Distribution
Percent of People with Each Score
Percentile by Number Answered
Your Score History
You have not taken this quiz